[Event "AUT-ch Vor4 Internet"]
[Site "Playchess.com INT"]
[Date "2020.04.25"]
[Round "2"]
[White "Gaspar, Zdravko"]
[Black "Wetscher, Wolfgang"]
[Result "0-1"]
[WhiteElo "1604"]
[BlackElo "1880"]
[PlyCount "48"]
[EventDate "2020.04.25"]
[EventType "swiss (blitz)"]
[EventRounds "9"]
[EventCountry "AUT"]
[SourceTitle "EXT 2021"]
[Source "ChessBase"]
[SourceDate "2020.10.23"]
[SourceVersion "1"]
[SourceVersionDate "2020.10.23"]
[SourceQuality "1"]

1. d4 c6 2. Nf3 d6 3. e3 Qc7 4. Bd3 e5 5. c3 Nf6 6. dxe5 dxe5 7. Bc2 Be7 8. 0-0 Nbd7 9. h3 Nf8 10. b3 Ng6 11. Bb2 0-0 12. c4 Bd7 13. Nc3 Rad8 14. Qe2 Qc8 15. Rfd1 Be6 16. Qe1 Bxh3 17. Rxd8 Rxd8 18. Ne2 Bg4 19. Nxe5 Nxe5 20. Bxe5 Qe6 21. Bg3 Ne4 22. Rd1 Rxd1 23. Qxd1 Nc3 24. Qd3 Nxe2+ 0-1

[Event "AUT-ch Vor4 Internet"]
[Site "Playchess.com INT"]
[Date "2020.04.25"]
[Round "4"]
[White "Leitgeber, Christian"]
[Black "Wetscher, Wolfgang"]
[Result "1-0"]
[WhiteElo "1904"]
[BlackElo "1880"]
[PlyCount "87"]
[EventDate "2020.04.25"]
[EventType "swiss (blitz)"]
[EventRounds "9"]
[EventCountry "AUT"]
[SourceTitle "EXT 2021"]
[Source "ChessBase"]
[SourceDate "2020.10.23"]
[SourceVersion "1"]
[SourceVersionDate "2020.10.23"]
[SourceQuality "1"]

1. e4 c6 2. d4 Qc7 3. Nc3 d6 4. Nf3 e5 5. Be2 Nf6 6. 0-0 Be7 7. Re1 Nbd7 8. Bf1 Nf8 9. h3 h6 10. Be3 g5 11. Qd3 Ng6 12. Rad1 Nf4 13. Qd2 Rg8 14. Bxf4 gxf4 15. dxe5 dxe5 16. Kh1 Be6 17. b3 Nh7 18. Bc4 Bxc4 19. bxc4 Ng5 20. Nxg5 hxg5 21. f3 Rh8 22. Rb1 b6 23. a4 Bc5 24. Qe2 Rh4 25. a5 Ke7 26. Red1 Rah8 27. Kh2 Qc8 28. Qf1 Bf2 29. axb6 Bg3+ 30. Kg1 Rxh3 31. gxh3 Rxh3 32. Qg2 Qh8 33. Rd2 Rh2 34. Qxh2 Bxh2+ 35. Rxh2 Qg7 36. bxa7 g4 37. a8Q gxf3+ 38. Kf1 Qg3 39. Rb7+ Kd6 40. Qd8+ Kc5 41. Qb6+ Kxc4 42. Qxc6+ Kd4 43. Rd7+ Ke3 44. Qc5# 1-0

[Event "AUT-ch Vor4 Internet"]
[Site "Playchess.com INT"]
[Date "2020.04.25"]
[Round "9"]
[White "Thummer, Philipp"]
[Black "Wetscher, Wolfgang"]
[Result "0-1"]
[WhiteElo "1207"]
[BlackElo "1880"]
[PlyCount "106"]
[EventDate "2020.04.25"]
[EventType "swiss (blitz)"]
[EventRounds "9"]
[EventCountry "AUT"]
[SourceTitle "EXT 2021"]
[Source "ChessBase"]
[SourceDate "2020.10.23"]
[SourceVersion "1"]
[SourceVersionDate "2020.10.23"]
[SourceQuality "1"]

1. e4 c6 2. d4 Qc7 3. c4 d6 4. Nc3 e5 5. d5 Nf6 6. Bg5 Be7 7. Bxf6 Bxf6 8. h3 Nd7 9. a4 Nf8 10. b4 Ng6 11. Bd3 Nf4 12. g3 Nxd3+ 13. Qxd3 0-0 14. g4 c5 15. b5 b6 16. Nf3 Bd7 17. g5 Be7 18. h4 Bg4 19. Ke2 f5 20. gxf6 Rxf6 21. Rhg1 Bxf3+ 22. Kd2 Raf8 23. Rg3 Bh5 24. Nd1 Bxd1 25. Rxd1 Rxf2+ 26. Kc1 Bxh4 27. Rg4 Qe7 28. Rdg1 g6 29. Qh3 Qf6 30. Rxh4 Rf1+ 31. Rxf1 Qxf1+ 32. Qxf1 Rxf1+ 33. Kb2 Kg7 34. Rh3 h5 35. Kc3 Rf4 36. Kd3 h4 37. Ke3 g5 38. Rh1 Kg6 39. Rh2 Kh5 40. a5 g4 41. axb6 axb6 42. Ra2 g3 43. Ra8 Rf6 44. Rb8 g2 45. Rg8 Rg6 46. Rh8+ Kg4 47. Kf2 Kh3 48. Kg1 Rf6 49. Rf8 Rf1+ 50. Rxf1 gxf1Q+ 51. Kxf1 Kg3 52. Kg1 Kf3 53. Kh2 Kxe4 0-1

[Event "AUT-ch Vor4 Internet"]
[Site "Playchess.com INT"]
[Date "2020.04.25"]
[Round "8"]
[White "Wetscher, Wolfgang"]
[Black "Ostermann, Anton"]
[Result "1/2-1/2"]
[WhiteElo "1880"]
[BlackElo "1847"]
[PlyCount "151"]
[EventDate "2020.04.25"]
[EventType "swiss (blitz)"]
[EventRounds "9"]
[EventCountry "AUT"]
[SourceTitle "EXT 2021"]
[Source "ChessBase"]
[SourceDate "2020.10.23"]
[SourceVersion "1"]
[SourceVersionDate "2020.10.23"]
[SourceQuality "1"]

1. c3 d5 2. Qc2 c5 3. d3 Nc6 4. e4 dxe4 5. dxe4 e5 6. Nf3 Nf6 7. Be2 Be6 8. Nbd2 Be7 9. Nf1 0-0 10. Ng3 a6 11. 0-0 b5 12. b3 Qc7 13. Bb2 Rad8 14. Rad1 h6 15. Bc1 Rxd1 16. Rxd1 Rd8 17. h3 Rxd1+ 18. Qxd1 Na5 19. Be3 c4 20. b4 Nc6 21. Qc1 a5 22. a3 axb4 23. axb4 Qb7 24. Nh2 Bf8 25. Ng4 Nxg4 26. Bxg4 Bxg4 27. hxg4 Qd7 28. f3 Qd3 29. Nf5 Ne7 30. Nxe7+ Bxe7 31. Qd2 Qxd2 32. Bxd2 Bd8 33. Kf2 Kf8 34. Be3 Ke7 35. Bc5+ Ke6 36. g3 Bg5 37. Be3 Be7 38. f4 exf4 39. gxf4 f6 40. Kf3 Bd6 41. Bd4 Be7 42. e5 fxe5 43. Bxe5 Bd8 44. Ke4 g6 45. Bb8 Be7 46. Be5 h5 47. f5+ gxf5+ 48. gxf5+ Kd7 49. f6 Bf8 50. Kf5 h4 51. Kg4 Ke6 52. Bd4 Kd5 53. Kxh4 Ke6 54. Kg5 Kf7 55. Kf5 Bd6 56. Ke4 Ke6 57. f7 Kxf7 58. Kd5 Ke7 59. Kc6 Ke6 60. Kxb5 Kd5 61. Ka5 Bc7+ 62. Bb6 Be5 63. b5 Bxc3+ 64. Ka6 Be5 65. Ba5 c3 66. b6 c2 67. Bd2 Kc6 68. b7 Bb8 69. Bc1 Bd6 70. Ka7 Kc5 71. Ba3+ Kd5 72. Bxd6 c1Q 73. b8Q Qa1+ 74. Kb7 Qb2+ 75. Kc7 Qxb8+ 76. Kxb8 1/2-1/2

[Event "AUT-ch U18"]
[Site "Bad Ischl"]
[Date "2007.04.04"]
[Round "7"]
[White "Pfneiszl, Markus"]
[Black "Wetscher, Wolfgang"]
[Result "1-0"]
[WhiteElo "1893"]
[BlackElo "1663"]
[PlyCount "47"]
[EventDate "2007.03.31"]
[EventType "swiss"]
[EventRounds "7"]
[EventCountry "AUT"]
[SourceTitle "EXT 2008"]
[Source "ChessBase"]
[SourceDate "2007.11.25"]
[SourceVersion "1"]
[SourceVersionDate "2007.11.25"]
[SourceQuality "1"]

1. e4 d5 2. exd5 Qxd5 3. Nc3 Qa5 4. d4 Nf6 5. Nf3 c6 6. Bc4 Bf5 7. Bd2 Qd8 8. Bb3 e6 9. Qe2 Be7 10. 0-0-0 Nbd7 11. Ne5 Nxe5 12. dxe5 Nd5 13. f4 h6 14. g4 Bh7 15. Rhf1 Qc7 16. f5 exf5 17. Bxd5 cxd5 18. Nxd5 Qc6 19. Nxe7 Kxe7 20. Bb4+ Ke8 21. gxf5 Rc8 22. b3 g6 23. Rd6 Qc7 24. Qb5+ 1-0

[Event "AUT-ch U18"]
[Site "Bad Ischl"]
[Date "2007.04.02"]
[Round "4"]
[White "Wetscher, Wolfgang"]
[Black "Weinberger, Simon"]
[Result "1-0"]
[WhiteElo "1663"]
[BlackElo "1982"]
[PlyCount "103"]
[EventDate "2007.03.31"]
[EventType "swiss"]
[EventRounds "7"]
[EventCountry "AUT"]
[SourceTitle "EXT 2008"]
[Source "ChessBase"]
[SourceDate "2007.11.25"]
[SourceVersion "1"]
[SourceVersionDate "2007.11.25"]
[SourceQuality "1"]

1. Nf3 d5 2. d4 Bf5 3. g3 Nf6 4. Bg2 e6 5. Nbd2 c5 6. c3 Nc6 7. 0-0 cxd4 8. Nxd4 Bg6 9. N2f3 Be7 10. Re1 0-0 11. Nh4 e5 12. Nxg6 hxg6 13. Nb3 Qc7 14. Bg5 Ne4 15. Bxe7 Nxe7 16. Bxe4 dxe4 17. Qc2 f5 18. Rad1 e3 19. f3 Rad8 20. Rxd8 Rxd8 21. Rd1 a5 22. Rxd8+ Qxd8 23. Qd3 Qxd3 24. exd3 g5 25. Nc5 Ng6 26. Nxb7 f4 27. Nxa5 g4 28. fxg4 f3 29. Nc4 e2 30. Kf2 e4 31. dxe4 Kf7 32. a4 Ke6 33. a5 Kd7 34. b4 Kc6 35. e5 Kb5 36. Nd6+ Kc6 37. b5+ Kd5 38. Nf7 Kc5 39. b6 Kc6 40. e6 Kb7 41. Ng5 Ne5 42. Nxf3 Nxg4+ 43. Kxe2 g5 44. e7 Ne5 45. Nxe5 g4 46. e8Q Ka6 47. Qa8+ Kb5 48. b7 Kc5 49. Nd3+ Kd6 50. b8Q+ Ke6 51. Qb5 Kd6 52. Qaa6+ 1-0